| 000 | 00511nam a22001457a 4500 | ||
|---|---|---|---|
| 005 | 20171010095508.0 | ||
| 008 | 110705t xxu||||| |||| 00| 0 eng d | ||
| 100 |
_aAguinaldo, Marilyn C. _91876 |
||
| 245 |
_cMarilyn C. Aguinaldo _aMicroclimate modification through tobacco-legume intercropping |
||
| 260 | _c1984 | ||
| 300 |
_axiii, 102 leaves _c28 cm. |
||
| 500 | _aThesis (M.S. Agrometeorology) -- University of the Philippines, Los Banos, Laguna | ||
| 500 | _aBibliography: leaves 85-90 | ||
| 942 |
_2lcc _cTHEDIS |
||
| 999 |
_c9697 _d9697 |
||